书目信息 |
| 题名: |
时空行为视角下居民地理环境暴露的心理健康与即时情绪效应
|
|
| 作者: | 张琳 著 | |
| 分册: | ||
| 出版信息: | 广州 中山大学出版社 2022.12 |
|
| 页数: | 241页 | |
| 开本: | 21cm | |
| 丛书名: | ||
| 单 册: | ||
| 中图分类: | R395.6 | |
| 科图分类: | ||
| 主题词: | 医学心理学 , 病理心理学 | |
| 电子资源: | ||
| ISBN: | 978-7-306-07664-9 | |
| 000 | 01167nam0 2200229 450 | |
| 001 | 2533669087 | |
| 005 | 20251217092325.80 | |
| 010 | @a978-7-306-07664-9@dCNY68.00 | |
| 100 | @a20251217d2022 km y0chiy0120 ea | |
| 101 | 0 | @achi |
| 102 | @aCN@b440000 | |
| 200 | 1 | @a时空行为视角下居民地理环境暴露的心理健康与即时情绪效应@AShi Kong Xing Wei Shi Jiao Xia Ju Min Di Li Huan Jing Bao Lu De Xin Li Jian Kang Yu Ji Shi Qing Xu Xiao Ying@f张琳著@FZhang Lin Zhu |
| 210 | @a广州@c中山大学出版社@d2022.12 | |
| 215 | @a241页@d21cm | |
| 330 | @a本书中的研究基于健康地理学、行为地理学、时间地理学、环境心理学等多学科理论, 利用多源时空数据和相关技术方法, 深化“时空行为 — 地理环境暴露 — 健康 ” 的研究框架, 具体形成“个体时空行为 — 不确定的地理背景单元 — 真实地理环境暴露 — 心理健康与即时情绪效应 — 环境暴露风险预测及预防 ” 的研究脉络, 以广州市为研究区, 重点探讨“时空行为视角下居民地理环境暴露的心理健康与即时情绪效应 ” 这一核心问题。 | |
| 503 | @n河南城建学院图书馆 | |
| 606 | 0 | @a医学心理学 |
| 606 | 0 | @a病理心理学 |
| 690 | @aR395.6@v4 | |
| 701 | 0 | @a张琳@AZhang Lin@4著 |
| 801 | 0 | @aCN@b大连网信软件有限公司图书馆·11@c20251217 |
| 905 | @aZUCC@dR395.6@eZ1351 | |
| 时空行为视角下居民地理环境暴露的心理健康与即时情绪效应/张琳著.-广州:中山大学出版社,2022.12 |
| 241页;21cm |
| ISBN 978-7-306-07664-9:CNY68.00 |
| 本书中的研究基于健康地理学、行为地理学、时间地理学、环境心理学等多学科理论, 利用多源时空数据和相关技术方法, 深化“时空行为 — 地理环境暴露 — 健康 ” 的研究框架, 具体形成“个体时空行为 — 不确定的地理背景单元 — 真实地理环境暴露 — 心理健康与即时情绪效应 — 环境暴露风险预测及预防 ” 的研究脉络, 以广州市为研究区, 重点探讨“时空行为视角下居民地理环境暴露的心理健康与即时情绪效应 ” 这一核心问题。 |
| ● |
| 相关链接 |
|
|
|
正题名:时空行为视角下居民地理环境暴露的心理健康
索取号:R395.6/Z1351
 
预约/预借
| 序号 | 登录号 | 条形码 | 馆藏地/架位号 | 状态 | 备注 |
| 1 | 1556778 | 215567786 | 建筑与城市规划学院资料室/ [索取号:R395.6/Z1351] | 在馆 | |
| 2 | 1556779 | 215567795 | 建筑与城市规划学院资料室/ [索取号:R395.6/Z1351] | 在馆 |